00382nam a2200157Ia 4500001000500000005001700005008004100022041000800063082001800071100002400089245005800113260000900171300002800180650000800208654000800216979020260306161744.0260306t2006||||xx |||||||||||||| ||spa|| aESP a461bL26 2006 aLarousse (Ed.)eAUT 0aOrtografía. Lengua española:breglas y ejercicios c2006 a316 páginas :c23 cm. aGEN aCHU